Les Premières et les Records de l’Aviation 🚀 - Statistiques

Statistiques générales
  • Ce quiz a été pris 30 fois
  • Le résultat moyen est 3 sur 11
Statistiques - réponses
Hint Réponse % Correct
Premier pilote à avoir traversé la Manche ? Louis Blériot (1909)
90%
Qui a traversé la Méditerranée pour la première fois ? Roland Garros (1913)
67%
Qui a traversé l’Atlantique en solo et sans escale ? Charles Lindbergh (1927)
48%
Première femme à traverser l’Atlantique en solo ? Amelia Earhart (1932)
33%
Premier passage du mur du son ? Chuck Yeager (1947, Bell X-1)
33%
Premier avion à réaction allemand ? Messerschmitt Me 262
10%
Premier pilote à atteindre Mach 2 ? Albert Scott Crossfield
5%
Premier avion français à passer le mur du son en palier ? Dassault MD-454 Mystère IV
5%
Qui a traversé l’Atlantique en premier ? John Alcock et Arthur Brown (1919)
5%
Qui a remporté le premier combat aérien ? Joseph Frantz (1914)
5%
Premier avion à réaction français ? SO.6000 Triton
5%
Aucun quiz correspondant
Distribution des résultats
% des personnes avec chaque résultat
Percentile par nombre de réponses
Votre historique - résultats
Vous n’avez pas pris ce quiz